Proyecto educativo institucional : (Record no. 80382)

MARC details
000 -CABECERA
campo de control de longitud fija 00613nam a22002053a 4500
005 - FECHA Y HORA DE LA ÚLTIMA TRANSACCIÓN
campo de control 20240920064417.0
008 - ELEMENTOS DE LONGITUD FIJA--INFORMACIÓN GENERAL
campo de control de longitud fija 010518s1997 mx fr 000 0 spa d
020 ## - NÚMERO INTERNACIONAL NORMALIZADO PARA LIBROS
Número Internacional Estándar del Libro 950701442X
035 ## - NÚMERO DE CONTROL DEL SISTEMA
Número de control de sistema UPN01000106470
049 ## - COLECCIÓN
Colección CG
050 #4 - SIGNATURA TOPOGRÁFICA DE LA BIBLIOTECA DEL CONGRESO
Número de clasificación LB1028.24
Número de documento/Ítem A4.6
100 1# - ASIENTO PRINCIPAL--NOMBRE PERSONAL
Nombre de persona Alfiz, Irene
245 10 - MENCIÓN DE TÍTULO
Título Proyecto educativo institucional :
Resto del título propuestas para un diseño colectivo /
Mención de responsabilidad, etc. Irene Alfiz.
260 ## - PUBLICACIÓN, DISTRIBUCIÓN, ETC.
Lugar de publicación, distribución, etc. Buenos Aires :
Nombre del editor, distribuidor, etc. Aique,
Fecha de publicación, distribución, etc. [1997].
300 ## - DESCRIPCIÓN FÍSICA
Extensión 166 p.
440 #0 - MENCIÓN DE SERIE/ASIENTO SECUNDARIO--TÍTULO
Título Gestión
650 #4 - ASIENTO SECUNDARIO DE MATERIA - TERMINO TEMATICO
Término de materia o nombre geográfico como elemento de entrada Educación
Subdivisión general Fines y objetivos
9 (RLIN) 4837
650 #4 - ASIENTO SECUNDARIO DE MATERIA - TERMINO TEMATICO
Término de materia o nombre geográfico como elemento de entrada EDUCACION -
Subdivisión general PLANIFICACION -
Subdivisión geográfica ARGENTINA
9 (RLIN) 17906
905 ## - TIPO DE MATERIAL
Tipo de material Libro
Holdings
Estado de retiro Estado de pérdida Fuente del sistema de clasificación o colocación Estado dañado No para préstamo Código de colección Localización permanente Ubicación/localización actual Ubicación en estantería Fecha de adquisición Total de préstamos Clasificación Código de barras Fecha visto por última vez Fecha del último préstamo Número de copia Tipo de ítem Koha En préstamo Renovaciones totales
    Library of Congress Classification     Colección General Bib. Gregorio Torres Quintero Bib. Gregorio Torres Quintero Planta baja 26/04/2023 95 LB1028.24 A4.6 179567 18/09/2025 01/09/2025 1 Libro    
    Library of Congress Classification     Colección General Bib. Gregorio Torres Quintero Bib. Gregorio Torres Quintero Planta baja 26/04/2023 90 LB1028.24 A4.6 179566 01/10/2025 27/08/2025 1 Libro    
    Library of Congress Classification     Colección General Bib. Gregorio Torres Quintero Bib. Gregorio Torres Quintero Planta baja   77 LB1028.24 A4.6 194124 31/12/2020   1 Libro 31/08/2021  
    Library of Congress Classification     Colección General Bib. Gregorio Torres Quintero Bib. Gregorio Torres Quintero Planta baja 11/03/2023 96 LB1028.24 A4.6 189579 01/09/2025 19/08/2025 1 Libro   2